| 000 | 00468 a2200181 4500 | ||
|---|---|---|---|
| 999 |
_c4847 _d4847 |
||
| 003 | NUST | ||
| 020 | _a0-00-651018-3 | ||
| 038 | _awaseem | ||
| 082 | _a823.912 | ||
| 082 | _a823.912 | ||
| 100 | 1 |
_aChristie, Agatha, _98918 |
|
| 245 | 0 | 0 | _aWhile the light lasts. |
| 260 |
_aLondon : _bHarperCollins, _c1998 |
||
| 300 |
_a224p. ; _c18cm |
||
| 500 | _aOriginally published: 1997 | ||
| 650 | 7 |
_aDetective and mystery stories, English _98920 |
|
| 942 |
_cBK _k823.912 CHR _2ddc |
||